| 000 | 01123nam a2200277 i 4500 | ||
|---|---|---|---|
| 001 | bg | ||
| 245 | 0 | 0 |
_aPrace słuchaczy seminarium doktoranckiego prowadzonego przez Centrum Europejskie Politechniki Częstochowskiej i Wydział Zarządzania Uniwersytetu Łódzkiego / _cpod red. nauk. Wandy Błaszczyk ; Wydział Zarządzania Politechnki Częstochowskiej. Centrum Europejskie Politechniki Częstochowskiej. |
| 260 |
_aCzęstochowa : _bWydaw. WZPC, _c2001. |
||
| 300 |
_a134 s. : _bil. ; _c24 cm. |
||
| 490 | 1 |
_aZeszyt Naukowy ; _vnr 1 |
|
| 500 | _aTekst częściowo niem. Streszcz. pol., ang. | ||
| 504 | _aBibliogr. po pracach. | ||
| 650 | 9 |
_aZarządzanie _xzagadnienia |
|
| 700 | 1 |
_aBŁASZCZYK, Wanda. _eRed. |
|
| 710 | 0 |
_aPolitechnika Częstochowska _bWydział Zarządzania |
|
| 710 | 0 |
_aPolitechnika Częstochowska _bCentrum Europejskie |
|
| 710 | 0 |
_aUniwersytet Łódzki _bWydział Zarządzania |
|
| 830 | _aZeszyt Naukowy ; | ||
| 020 | _a838846955X | ||
| 040 | _cBPK | ||
| 041 | w |
_aplde _bplen |
|
| 080 | _a65.01 | ||
| 920 | _a83-88469-55-X | ||
| 942 | _cKS | ||
| 008 | s pl f |000 0 pol | ||
| 999 |
_c42161 _d42161 |
||
| 856 |
_uhttp://koha.tu.koszalin.pl/cgi-bin/koha/opac-detail.pl?biblionumber=42161 _yKatalog online BPK |
||